| 000 | 01753nam0a22004091 4500 | ||
|---|---|---|---|
| 001 | RU\NLR\bibl\981258 | ||
| 005 | 20260405084438.0 | ||
| 010 |
_a5-17-035575-0 _bАСТ |
||
| 010 |
_a5-478-00234-8 _bВосток-Запад _95000 |
||
| 021 |
_aRU _b2006-46003 _92297 |
||
| 035 | _a(NLR Aleph) 001346826 | ||
| 090 |
_a895674 _c895674 |
||
| 100 | _a20060906d2006 |||y0rusy50 ca | ||
| 101 | 0 |
_arus _atur |
|
| 102 | _aRU | ||
| 105 | _ay e 001yy | ||
| 200 | 1 |
_aРусско-турецкий турецко-русский словарь _dRusça-türkçe türkçe-rusça sözlük _eоколо 30000 слов и словосочетаний _fО.Ю. Мансурова _ztur |
|
| 210 |
_aМосква _cАСТ _cВосток-Запад _d2006 |
||
| 215 |
_a925, [1] с. _d15 см |
||
| 300 | _aАвт. также на турец. яз.: O.Yu. Mansurova | ||
| 300 | _aНа обл. авт. не указан | ||
| 320 | _aБиблиогр. в конце кн. | ||
| 510 | 0 |
_6z11790 _aRusça-türkçe türkçe-rusça sözlük _ztur |
|
| 606 | 1 |
_aРусский язык _xСловари _xТурецкий язык _91540502 _3RU\NLR\auth\66972812 |
|
| 606 | 1 |
_aТурецкий язык _xСловари _xРусский язык _92106480 _3RU\NLR\auth\661273433 |
|
| 686 | _aШ141.12-491перев | ||
| 686 | _aШ163.12-491перев | ||
| 700 | 1 |
_4070 _8rus _7ca _aМансурова _bО. Ю. _gОксана Юрьевна _3RU\NLR\auth\7730683 _913701 |
|
| 790 | 1 |
_4070 _8rus _7ba _aMansurova _bO. Ju. _gOksana Jur'evna _3RU\NLR\auth\7730685 _913703 |
|
| 801 | 0 |
_aRU _bNLR _c20060906 _grcr |
|
| 801 | 1 |
_aRU _bNLR _c20060906 |
|
| 852 |
_aNLR _bОЛСАА-тур _j1-89 |
||
| 942 | _cBOOK | ||
| 980 | _aNB | ||
| 980 | 1 | _aTUR | |